000 00627nam a2200253Ia 4500
005 20260121154858.0
008 008 260114s9999 xx 000 0 eng d
020 _a9780367815172
037 _aEBOOK
040 _aCRL
040 _beng
040 _cCRL
041 _2eng
041 _aeng
084 _qCRL
100 _a Mitja Sardo?
_91012619
245 4 _aThe Impacts of Neoliberal Discourse and Language in Education
260 _bTaylor and Francis
260 _c2021
856 _uhttp://www.taylorfrancis.com/books/9780367815172
942 _cEBOOK
999 _c1579438
_d1579438